[Event "Canadian op"]
[Site "Edmonton"]
[Date "2005.07.11"]
[Round "4"]
[White "Miller, Mike"]
[Black "Sorgard, Graham"]
[Result "1/2-1/2"]
[WhiteElo "1661"]
[BlackElo "1870"]
[PlyCount "96"]
[EventDate "2005.07.09"]
[EventType "swiss"]
[EventRounds "10"]
[EventCountry "CAN"]
[SourceTitle "CBM 107 Extra"]
[Source "ChessBase"]
[SourceDate "2005.09.01"]
[SourceVersion "1"]
[SourceVersionDate "2005.09.01"]
[SourceQuality "1"]

1. d4 g6 2. c4 Bg7 3. e4 d6 4. Nf3 Nf6 5. Nc3 0-0 6. Be2 Nc6 7. d5 Nb8 8. 0-0 e6 9. Be3 exd5 10. exd5 Nbd7 11. Re1 Re8 12. Rc1 Ne4 13. Bd4 Ndf6 14. Bd3 Nxc3 15. Bxc3 Bg4 16. Rxe8+ Qxe8 17. h3 Bd7 18. Qe1 Qf8 19. Qf1 c6 20. dxc6 bxc6 21. b4 d5 22. Qe2 Re8 23. Qb2 dxc4 24. Bxc4 Nd5 25. Bxg7 Qxg7 26. Qd2 Qf6 27. Re1 Rxe1+ 28. Nxe1 Be6 29. b5 Qh4 30. Bb3 Nc7 31. bxc6 Qe7 32. Nf3 Bxb3 33. axb3 Ne6 34. Qd7 Kf8 35. Qc8+ Qe8 36. Qb7 Nc5 37. Qb5 Qe7 38. b4 Ne6 39. Qb8+ Kg7 40. Qb7 Qd6 41. b5 Qc5 42. Qb8 Kf6 43. Qb7 Qc1+ 44. Kh2 Qf4+ 45. Kh1 Qc1+ 46. Ng1 Qc5 47. Qd7 Qxb5 48. Qxa7 Qxc6 1/2-1/2